00821nam a2200193Ia 4500001002400000003000900024008004100033040002300074041001300097100001200110240012500122245010900247250001500356260002200371300001900393500002500412501012400437520006600561220.1-PON co fe (11940)IT-MiSPE171229s9999||||xx |||||||||||||| ||und|| aIT-MiSPEcIT-MiSPE aITALIANO aAA.VV.  aFoi et culture à la lumière de la Bible: Actes de la Session plénière 1979 de la Commission Biblique Pontificale 0aFede e cultura alla luce della BibbiabAtti della Sessione plenaria 1979 della Pont. Commissione Biblica a1a ed. (v) aTorinobLDCc1981 a343 p. c21 cm aBibbia - Ermeneutica aEdizioni San Paolo srl - Piazza Soncino, 5 - 20092 CINISELLO BALSAMO (MI) (non commercial uses only) ® Copyright 2018 aPontificia Commissione Biblica. Discorso di Giovanni Paolo II